Global trade conference on aquaculture : (Record no. 15767)

000 -LEADER
fixed length control field 01065cam a22002297a 4500
020 ## - INTERNATIONAL STANDARD BOOK NUMBER
ISBN 9789251058725
020 ## - INTERNATIONAL STANDARD BOOK NUMBER
ISBN 9251058725
040 ## - CATALOGING SOURCE
Transcribing agency SDB
082 00 - DEWEY DECIMAL CLASSIFICATION NUMBER
Classification number 338 FOO 2007 A078 Or.
245 10 - TITLE STATEMENT
Title Global trade conference on aquaculture :
Remainder of title 29-31 May 2007, Qingdao, China : [proceedings] /
260 ## - PUBLICATION, DISTRIBUTION, ETC. (IMPRINT)
Place of publication Rome :
Name of publisher Food and Agriculture Organization of the United Nations,
Year of publication c2007.
300 ## - PHYSICAL DESCRIPTION
Number of Pages x, 271 p. :
Other physical details ill. (some col.), ports. (chiefly col.) ;
Dimensions 30 cm.
500 ## - GENERAL NOTE
General note "Organized by the FAO Fisheries and Aquaculture Department in cooperation with FISHINFONetwork and ... hosted by the Chinese Ministry of Agriculture with the support of its Bureau of Fisheries and the Society of Fisheries"--P. [4] of cover.
500 ## - GENERAL NOTE
General note "TC/M/A1454E/1/11.07/1800"--P. [4] of cover.
650 #0 - SUBJECT ADDED ENTRY--TOPICAL TERM
Topical Term Aquaculture
700 1# - ADDED ENTRY--PERSONAL NAME
Personal name Arthur, J. R.
700 1# - ADDED ENTRY--PERSONAL NAME
Personal name Nierentz, Jochen.
710 2# - ADDED ENTRY--CORPORATE NAME
Corporate name or jurisdiction name as entry element Food and Agriculture Organization of the United Nations.
710 2# - ADDED ENTRY--CORPORATE NAME
Corporate name or jurisdiction name as entry element FAO Fisheries and Aquaculture Dept.
856 41 - ELECTRONIC LOCATION AND ACCESS
Uniform Resource Identifier http://www.fao.org/docrep/010/a1454e/a1454e00.htm
942 ## - ADDED ENTRY ELEMENTS (KOHA)
Koha item type សៀវភៅភាសាអង់គ្លេស

No items available.

មជ្ឈមណ្ឌលឯការនៃសាកលវិទ្យាល័យភូមិន្ទកសិកម្មចំការដូង

Powered by Koha